000 00315 a2200157 4500
001 59061
020 _a8571960089
040 _cAnchieta - Pituba
100 _aEstrela, Raimundo
240 1 0 _aPau-de-colher
_lEsp
245 1 0 _aPau-de-colher
300 _a280
362 0 _a1998
650 4 _aBahia
942 _cBK
999 _c59061
_d59061